000 01234nam a22003617a 4500
003 CHAP
005 20220329140331.0
008 971013s r 00010 d
010 _a50568
011 _a51540
035 _a55690
040 _cCHAP
082 _a633.15
_bP84
110 _aPlan Puebla. México
_988679
245 _aInforme anual
_b: 19 --
260 _a(s.l. :
_bs.e.),
_c(s.a.)
300 _av.
500 _aLa biblioteca tiene: 1973-74, 1976
590 _aBATCH-UPD
_b10
_c20130110
_lUCH01
_h1033
590 _aBATCH-UPD
_b10
_c20130410
_lUCH01
_h0635
590 _aBATCH-UPD
_b10
_c20130913
_lUCH01
_h2146
590 _aBATCH-UPD
_b10
_c20130914
_lUCH01
_h1338
590 _aCONVERSION
_b10
_c20130109
_lUCH01
_h1327
650 1 4 _aAgricultura de temporal.
_91999
650 1 4 _aAgricultura
_xInnovaciones tecnológicas.
_91565
650 1 4 _aExtensión agrícola
_xMéxico.
_939173
650 1 4 _aMaíz
_zMéxico.
_971098
901 _aBK
942 _cLIBRO
949 _a633.15 P84
_bBC
_cLIBRO
_d33724000207767
_eLIBRO
_f1976
_h54590
_i55690
_si
949 _a633.15 P84
_bBC
_cLIBRO
_d33724000207775
_eLIBRO
_f1973-74
_h34515
_i55690
_si
949 _a633.15 P84
_bBC
_cLIBRO
_d33724000207783
_eLIBRO
_f1973-74 c.2
_h34587
_i55690
_si
999 _c50568
_d50568